| 000 | 00692cab a2200205 4500 | ||
|---|---|---|---|
| 001 | X114 | ||
| 008 | 090401t1992 xxu||||| |||| 00| 0 eng d | ||
| 035 | _a(Sirsi) u64020 | ||
| 041 | _aeng | ||
| 245 | _aYoung surveyors going going gone for auctioneering prize | ||
| 260 | _c1992 | ||
| 350 | _a0 | ||
| 490 |
_aRICS Press Release _v(PR12/92) 21 February 1992 (6) |
||
| 520 | _aA national auctioneering competition organised by the RICS took place on Thursday 27 February. Lists contestants. | ||
| 650 | _aRICS AUCTION PRIZE COMPETITION | ||
| 650 | _aROGERS / DONALDSON AWARD 1992 | ||
| 690 | _aMANAGEMENT-BUSINESS MANAGEMENT-PROFESSIONAL PRACTICE | ||
| 942 | _n0 | ||
| 948 | _c04/03/1997 | ||
| 999 |
_c39844 _d39844 |
||